000 00500nam a2200133 4500
999 _c11303
_d11303
008 181115b ||||| |||| 00| 0 eng d
082 _aDPer 050 T48 Apr-June 2016 v. 187, n. 12-24.
100 _aZacharek, Stephanie.
_937303
245 _aIn Krisha, a prodigal daughter returns, and a family races its deepest fears.
_cStephanie Zacharek.
260 _aHong Kong;
_bTime Asia,
_cc2016.
300 _av187 n13, page 41:
_billustrations;
_c27 cm.
650 0 _932523
_aMotion pictures.
942 _2ddc
_cPER